[Event "Bergen Grand Prix"]
[Site "Bergen"]
[Date "2011.11.13"]
[Round "4"]
[White "Londalen, Sindre"]
[Black "Andreassen, Jonas"]
[Result "0-1"]
[WhiteElo "844"]
[BlackElo "731"]
[PlyCount "52"]
[EventDate "2011.11.13"]
[EventType "swiss"]
[EventRounds "5"]
[EventCountry "NOR"]
[SourceTitle "EXT 2024"]
[Source "ChessBase"]
[SourceDate "2023.10.10"]
[SourceVersion "1"]
[SourceVersionDate "2023.10.10"]
[SourceQuality "1"]

1. e4 e5 2. Nf3 Nc6 3. Bc4 Bc5 4. c3 Nf6 5. d4 exd4 6. cxd4 Bb6 7. Bg5 h6 8. Bh4 g5 9. Bg3 Nxe4 10. Qe2 Qe7 11. 0-0 Nxg3 12. Qxe7+ Kxe7 13. fxg3 Nxd4 14. Nxd4 Bxd4+ 15. Kh1 Bxb2 16. Nd2 Bxa1 17. Rxa1 d6 18. Re1+ Be6 19. Nf3 Kd7 20. Bxe6+ fxe6 21. h4 gxh4 22. gxh4 Rhg8 23. Kh2 Rg4 24. g3 Rag8 25. Rg1 Ra4 26. Rg2 c5 0-1

[Event "Bergen Grand Prix"]
[Site "Bergen"]
[Date "2011.11.13"]
[Round "5"]
[White "Londalen, Sindre"]
[Black "Merkesvik, Amalie Isabel"]
[Result "1-0"]
[WhiteElo "844"]
[BlackElo "536"]
[PlyCount "79"]
[EventDate "2011.11.13"]
[EventType "swiss"]
[EventRounds "5"]
[EventCountry "NOR"]
[SourceTitle "EXT 2024"]
[Source "ChessBase"]
[SourceDate "2023.10.10"]
[SourceVersion "1"]
[SourceVersionDate "2023.10.10"]
[SourceQuality "1"]

1. e4 e5 2. Nf3 Nc6 3. d4 d6 4. dxe5 dxe5 5. Qxd8+ Nxd8 6. Nxe5 Bb4+ 7. Bd2 Bd6 8. Bc3 Nf6 9. Nc4 Bc5 10. Bxf6 gxf6 11. a3 a6 12. Nc3 b5 13. Nd2 Rb8 14. Nd5 f5 15. exf5 Bxf5 16. Nxc7+ Kd7 17. Nxa6 Rc8 18. Bxb5+ Nc6 19. Nxc5+ Kc7 20. Bxc6 Kxc6 21. Nce4 Kd5 22. Nc3+ Kd4 23. 0-0 Bxc2 24. Rac1 Bd3 25. Nf3+ Kc4 26. Ne5+ Kd4 27. Nxd3 Kxd3 28. Rfd1+ Kc4 29. Nd5+ Kb3 30. Rd3+ Ka2 31. Nb4+ Kxb2 32. Rxc8 Rxc8 33. g3 Rc1+ 34. Kg2 h5 35. Rf3 Rc8 36. Rxf7 Kxa3 37. Nd3 Rg8 38. Rh7 h4 39. Rxh4 Rd8 40. Ne5 1-0

[Event "Politiken Cup 33rd"]
[Site "Helsingor"]
[Date "2011.08.06"]
[Round "9"]
[White "Londalen, Sindre"]
[Black "Hviid, Hans Henrik"]
[Result "0-1"]
[WhiteElo "1000"]
[BlackElo "1319"]
[PlyCount "52"]
[EventDate "2011.07.30"]
[EventType "swiss"]
[EventRounds "10"]
[EventCountry "DEN"]
[SourceTitle "CBM 143 Extra"]
[Source "ChessBase"]
[SourceDate "2011.08.29"]
[SourceVersion "1"]
[SourceVersionDate "2011.08.29"]
[SourceQuality "1"]

1. e4 e5 2. Nf3 d6 3. Bc4 h6 4. h3 c6 5. Nc3 Nf6 6. d4 Nxe4 7. Qd3 Nxc3 8. Qxc3 d5 9. Bb3 e4 10. Ne5 Be7 11. f3 Bh4+ 12. Kd1 0-0 13. fxe4 dxe4 14. Qe3 Bf6 15. Qxe4 Bxe5 16. Qxe5 Re8 17. Qg3 Qxd4+ 18. Bd2 Rd8 19. Qe1 Na6 20. c3 Qd6 21. Rf1 Be6 22. Bxe6 fxe6 23. Kc2 Qd3+ 24. Kb3 Nc5+ 25. Kb4 Qxd2 26. Qxd2 Na6+ 0-1

[Event "Politiken Cup 33rd"]
[Site "Helsingor"]
[Date "2011.08.02"]
[Round "5"]
[White "Londalen, Sindre"]
[Black "Svane, Troels"]
[Result "1-0"]
[WhiteElo "1000"]
[BlackElo "1500"]
[PlyCount "95"]
[EventDate "2011.07.30"]
[EventType "swiss"]
[EventRounds "10"]
[EventCountry "DEN"]
[SourceTitle "CBM 143 Extra"]
[Source "ChessBase"]
[SourceDate "2011.08.29"]
[SourceVersion "1"]
[SourceVersionDate "2011.08.29"]
[SourceQuality "1"]

1. e4 d6 2. d4 Nf6 3. Nc3 g6 4. f4 Bg7 5. Nf3 0-0 6. Bc4 c5 7. Be3 Nbd7 8. Qd2 cxd4 9. Bxd4 Nc5 10. Bxc5 dxc5 11. 0-0-0 Qxd2+ 12. Rxd2 e6 13. Ng5 h6 14. e5 Ng4 15. Nge4 Ne3 16. Bb3 a6 17. Re1 c4 18. Ba4 Nd5 19. Nxd5 exd5 20. Rxd5 b5 21. Bxb5 axb5 22. Rxb5 Rxa2 23. Kb1 Ra4 24. g3 Ra8 25. Rc5 Be6 26. Nd6 Ra4 27. Re4 Rd8 28. b3 Rb4 29. Nxc4 Bxc4 30. Rcxc4 Rxc4 31. Rxc4 Rd2 32. b4 Rd7 33. b5 Rb7 34. Rc5 Bf8 35. Rc8 Rxb5+ 36. Kc1 Rd5 37. Re8 Rd7 38. Rc8 Re7 39. c4 Kg7 40. c5 Ra7 41. c6 f6 42. c7 g5 43. e6 Kg6 44. e7 Bxe7 45. Rg8+ Kh5 46. c8Q Ba3+ 47. Kb1 Be7 48. Qh3# 1-0